000 00584nam a2200217 4500
003 OSt
005 20260428080355.0
006 a
008 240621b |||||||| |||| 00| 0 eng d
020 _a9789814369701
040 _aDWCL-Main lib.
_cOC
082 _aCirc. 530 Os85w 2012
100 _aOstdiek, Vern J.
110 _aDonald J. Bord
245 _aThe world of physics /
260 _aSingapore :
_bCengage Learning Asia Pte Ltd.,
_cc2012.
300 _b534 p. ; ill. ;
_c27 cm.
504 _aIncludes index.
650 _a1. Physics I.
942 _2ddc
_n0
_cBK-CIRC
_kCirc.
999 _c1096
_d1096